Devinez ces 10 mots grâce à leur définition #1 (Mots en A) - Statistiques

Statistiques générales
  • Ce quiz a été pris 41 fois
  • Le résultat moyen est 5 sur 10
Statistiques - réponses
Définition Mot % Correct
Fait d'avoir volontairement des rapports sexuels avec une personne autre que son conjoint (n.m.) A{dultère}
86%
Fruit oblong et violet d'une plante potagère, consommé comme légume (n.f.) A{ubergine}
86%
Signaler ou présenter quelqu'un comme coupable (v.) A{ccuser}
81%
Arrêt d'autobus équipé d'un abri pour les usagers (n.m.) A{bribus}
78%
Se dit d'une couleur de cheveux châtain roux (adj.) A{uburn}
56%
Produit qui sert à attirer des animaux pour les prendre (n.m.) A{ppât}
50%
Manière de tenir son corps (n.f.) A{ttitude}
22%
Culte rendu à un dieu, à des choses sacrées (n.f.) A{doration}
17%
Déclarer nul ce qui avait été établi, institué (v.) A{broger}
11%
Peine profonde, abattement à la suite d'un grave revers (n.f.) A{ffliction}
0%
Aucun quiz correspondant
Distribution des résultats
% des personnes avec chaque résultat
Percentile par nombre de réponses
Votre historique - résultats
Vous n’avez pas pris ce quiz